| 000 | 00772cam a22002533a 4500 | ||
|---|---|---|---|
| 001 | 30743 | ||
| 003 | PGUSA | ||
| 005 | 20140828083650.0 | ||
| 008 | 091223s2009||||xxu|||||s|||||000 | eng d | ||
| 040 |
_aPGUSA _beng |
||
| 042 | _adc | ||
| 050 | 4 | _aAS | |
| 050 | 4 | _aLA | |
| 100 | 1 |
_aCarpenter, Stephen H. _q(Stephen Haskins), _d1831-1878 |
|
| 245 | 1 | 4 |
_aThe Philosophy of Evolution : _bTogether With a Preliminary Essay on The Metaphysical Basis of Science _h[electronic resource] / _cStephen H. Carpenter |
| 260 |
_bProject Gutenberg, _c2009 |
||
| 506 | _aPublic domain in the USA. | ||
| 516 | _aElectronic text | ||
| 653 | _aScience | ||
| 653 | _aEvolution | ||
| 830 | 0 |
_aProject Gutenberg _v30743 |
|
| 856 | 4 | 0 | _uhttp://www.gutenberg.org/ebooks/30743 |
| 942 | _cEB | ||
| 999 |
_c259998 _d259998 |
||